| 000 | 00871nam a2200253Ia 4500 | ||
|---|---|---|---|
| 003 | OSt | ||
| 005 | 20221005092211.0 | ||
| 006 | a|||||r|||| 00| 0 | ||
| 007 | ta | ||
| 008 | 221004b |||||||| |||| 00| 0 eng d | ||
| 020 |
_a9780415944656 (pbk) _c1311.11 |
||
| 024 | _a91328 | ||
| 037 |
_b08-04386, 16/01/2009, Atlantic Publisher & Dist. Pvt Ltd. _cTextual |
||
| 040 |
_aCRL _cCRL _beng |
||
| 041 |
_2eng _aeng |
||
| 082 | _aW6:58(Z).73, P9 | ||
| 100 |
_aSchwartz Joseph M. _9617002 |
||
| 245 | 0 |
_aFuture of democratic equality _b Rebuilding social solidarity in a fragmented America |
|
| 260 |
_aNew York _bRoutledge U.S.A _c2009 |
||
| 300 |
_axii, 225p. _ccm. |
||
| 650 | _aPOLITICAL SCIENCE | ||
| 942 |
_hW6:58(Z).73, P9 _cTEXL _2cc |
||
| 999 |
_c998495 _d998495 |
||